Welcome to the Holygrace Academy Library

Please use search bar below to get started

LADIES AND GENTLEMEN (Record no. 3657)

MARC details
000 -LEADER
fixed length control field 00309nam a22001337a 4500
020 ## - INTERNATIONAL STANDARD BOOK NUMBER
ISBN 978-81-7525-975-1
082 ## - DEWEY DECIMAL CLASSIFICATION NUMBER
Classification number 825
Item number KUR/L
100 ## - MAIN ENTRY--AUTHOR NAME
Personal name KURUP,K . NARAYANA
245 ## - TITLE STATEMENT
Title LADIES AND GENTLEMEN
260 ## - PUBLICATION, DISTRIBUTION, ETC. (IMPRINT)
Place of publication ERNAKULAM
Name of publisher VANITY PUBLISHERS
Year of publication 2009
300 ## - PHYSICAL DESCRIPTION
Number of Pages 412
650 ## - SUBJECT ADDED ENTRY--TOPICAL TERM
Topical Term SPEECHES
Geographic subdivision KERALA
942 ## - ADDED ENTRY ELEMENTS (KOHA)
Koha item type Books
Holdings
Withdrawn status Lost status Collection code Home library Current library Shelving location Date acquired Source of acquisition Full call number Accession Number Koha item type
    Reference Main Library Main Library SHELF-16B -ENGLISH SPEECHES,ESSAYS,QUOTES 02/05/2009 PURCHASE 825 KUR/L 04432 Books
    Reference Main Library Main Library SHELF-16B -ENGLISH SPEECHES,ESSAYS,QUOTES 02/05/2009 PURCHASE 825 KUR/L 04431 Books
    Reference Main Library Main Library SHELF-16B -ENGLISH SPEECHES,ESSAYS,QUOTES 02/05/2009 PURCHASE 825 KUR/L 04433 Books